| 000 | 00345nam a2200121 4500 | ||
|---|---|---|---|
| 999 |
_c11105 _d11105 |
||
| 008 | 181012b ||||| |||| 00| 0 eng d | ||
| 100 |
_932126 _aPunay, Edu |
||
| 245 |
_aPhl top victim of cyber attacks/ _cEdu Punay |
||
| 260 |
_aPhilippines _bThe Philippine Star _cc2018 |
||
| 300 | _apage 14. | ||
| 650 | 0 |
_932127 _aCrimes-cyber. |
|
| 942 |
_2ddc _cPER |
||